MANUAL DEL DIRECTOR DEL PLANTEL DE : (Registro nro. 16170)
[ vista simple ]
| 000 -LEADER | |
|---|---|
| fixed length control field | 00620nam a2200181 a 4500 |
| 001 - CONTROL NUMBER | |
| control field | 16170 |
| 005 - DATE AND TIME OF LATEST TRANSACTION | |
| control field | 20180713205028.0 |
| 008 - FIXED-LENGTH DATA ELEMENTS--GENERAL INFORMATION | |
| fixed length control field | 140415s1987 000 0 spa d |
| 020 ## - INTERNATIONAL STANDARD BOOK NUMBER | |
| International Standard Book Number | 9682915996 |
| 041 ## - LANGUAGE CODE | |
| Language code of text/sound track or separate title | spa |
| 082 ## - DEWEY DECIMAL CLASSIFICATION NUMBER | |
| Classification number | 371.2012 |
| Item number | SEC |
| 100 1# - MAIN ENTRY--PERSONAL NAME | |
| Personal name | SECRETARIA DE EDUCACION PUBLICA |
| 245 10 - TITLE STATEMENT | |
| Title | MANUAL DEL DIRECTOR DEL PLANTEL DE : |
| Remainder of title | EDUCACION TELESECUNDARIA |
| 260 ## - PUBLICATION, DISTRIBUTION, ETC. | |
| Place of publication, distribution, etc. | [s.l.] : |
| Name of publisher, distributor, etc. | SECRETARIA DE EDUCACION PUBLICA, |
| Date of publication, distribution, etc. | 1987 |
| 300 ## - PHYSICAL DESCRIPTION | |
| Extent | 120 |
| 490 ## - SERIES STATEMENT | |
| Series statement | MANUALES ADMINISTRATIVOS |
| Volume/sequential designation | PROYECTO ESTRATEGICO |
| -- | 5 |
| 650 14 - SUBJECT ADDED ENTRY--TOPICAL TERM | |
| Topical term or geographic name entry element | ADMINISTRADORES ESCOLARES |
| General subdivision | SECUNDARIA |
| -- | DIRECCION DE ESCUELAS |
| -- | SECUNDARIA |
| Withdrawn status | Lost status | Source of classification or shelving scheme | Damaged status | Not for loan | Collection code | Home library | Current library | Shelving location | Date acquired | Source of acquisition | Inventory number | Total Checkouts | Full call number | Barcode | Date last seen | Price effective from | Koha item type |
|---|---|---|---|---|---|---|---|---|---|---|---|---|---|---|---|---|---|
| Dewey Decimal Classification | General | Biblioteca Karol Wojtyla | Biblioteca Karol Wojtyla | Sala general | 03/12/2013 | Compra | 151000000000000000042829 | 371.2012 SEC | 33924 | 05/01/2026 | 03/12/2013 | Libro |